[Event "Titled Tuesday intern op 22nd Dec"]
[Site "Chess.com INT"]
[Date "2020.12.22"]
[Round "9"]
[White "Oparin, Grigoriy"]
[Black "Hansen, Eric"]
[Result "0-1"]
[WhiteElo "2652"]
[BlackElo "2606"]
[PlyCount "108"]
[GameId "1598440694480896"]
[EventDate "2020.12.22"]
[EventType "swiss (blitz)"]
[EventRounds "11"]
[EventCountry "USA"]
[SourceTitle "CBM 199 Extra"]
[Source "ChessBase"]
[SourceDate "2021.01.31"]
[SourceVersion "1"]
[SourceVersionDate "2021.01.31"]
[SourceQuality "1"]

1. Nf3 d5 2. g3 c6 3. Bg2 Bf5 4. O-O h6 5. c4 e6 6. Qb3 Qb6 7. d3 Nd7 8. Be3 Qa6 9. cxd5 exd5 10. Nc3 Ngf6 11. Bd4 Be7 12. e4 dxe4 13. dxe4 Be6 14. Qc2 O-O 15. Rfd1 Rfd8 16. h3 Rac8 17. Be3 Qa5 18. Nd4 Bc4 19. Nf5 Bf8 20. a3 Ne5 21. b4 Qc7 22. Na4 b5 23. Nc5 Ned7 24. Bf4 Qb6 25. Nd6 Bxd6 26. Bxd6 Nxc5 27. bxc5 Qb7 28. e5 Nd5 29. Rd4 Qd7 30. Re1 Qe6 31. f4 f5 32. g4 g6 33. Kh2 Rd7 34. gxf5 gxf5 35. Qf2 Kh7 36. h4 Rg8 37. Bh3 Rdg7 38. Qf3 Rg4 39. Bxg4 Rxg4 40. Rg1 Rxh4+ 41. Kg2 Qg6+ 42. Kf2 Rh2+ 43. Rg2 Rxg2+ 44. Qxg2 Qh5 45. Kg1 Ne3 46. Qg3 Qe2 47. Rxc4 Qd1+ 48. Kf2 Qd2+ 49. Kf3 bxc4 50. Qh4 Nd5 51. Qd8 Qe3+ 52. Kg2 Nxf4+ 53. Kh2 Qh3+ 54. Kg1 Qg2# 0-1

[Event "Titled Tuesday intern op 29th Dec"]
[Site "Chess.com INT"]
[Date "2020.12.29"]
[Round "3"]
[White "Hansen, Eric"]
[Black "Quintiliano Pinto, Renato Rodrigues"]
[Result "1-0"]
[WhiteElo "2606"]
[BlackElo "2469"]
[PlyCount "43"]
[GameId "1600988020056064"]
[EventDate "2020.12.29"]
[EventType "swiss (blitz)"]
[EventRounds "11"]
[EventCountry "USA"]
[SourceTitle "CBM 200 Extra"]
[Source "ChessBase"]
[SourceDate "2021.03.31"]
[SourceVersion "1"]
[SourceVersionDate "2021.03.31"]
[SourceQuality "1"]

1. e4 c5 2. Nf3 d6 3. Bb5+ Nd7 4. c3 Ngf6 5. Qe2 a6 6. Ba4 b5 7. Bc2 Bb7 8. O-O c4 9. b3 Qc7 10. Na3 d5 11. e5 Ne4 12. bxc4 bxc4 13. Rb1 Ndc5 14. Nxc4 dxc4 15. Qxc4 Rc8 16. d3 Nxd3 17. Ba4+ Bc6 18. Qxe4 Nxc1 19. e6 Ne2+ 20. Kh1 Nxc3 21. Bxc6+ Qxc6 22. Qxc6+ 1-0

[Event "Titled Tuesday intern op 19th Jan"]
[Site "Chess.com INT"]
[Date "2021.01.19"]
[Round "1"]
[White "Grunberg, Mihai Lucian"]
[Black "Hansen, Eric"]
[Result "0-1"]
[WhiteElo "2401"]
[BlackElo "2606"]
[PlyCount "76"]
[GameId "1608592118857728"]
[EventDate "2021.01.19"]
[EventType "swiss (blitz)"]
[EventRounds "11"]
[EventCountry "USA"]
[SourceTitle "CBM 200 Extra"]
[Source "ChessBase"]
[SourceDate "2021.03.31"]
[SourceVersion "1"]
[SourceVersionDate "2021.03.31"]
[SourceQuality "1"]

1. Nf3 Nf6 2. c4 g6 3. g3 Bg7 4. Bg2 O-O 5. O-O c6 6. d4 d6 7. Nc3 Bf5 8. b3 Ne4 9. Bb2 Nxc3 10. Bxc3 Be4 11. e3 d5 12. Re1 a5 13. Bh3 Bxf3 14. Qxf3 e6 15. Rad1 Nd7 16. e4 dxe4 17. Qxe4 Qc7 18. Qe3 Nf6 19. d5 exd5 20. Bxf6 Bxf6 21. cxd5 Rad8 22. dxc6 bxc6 23. Bg2 c5 24. h4 Bd4 25. Qf3 h5 26. Rd2 Rd6 27. Rde2 Rf6 28. Qd3 Rd8 29. Re8+ Kg7 30. Rxd8 Bxf2+ 31. Kh1 Bxe1 32. Rd5 Bxg3 33. Qc3 Bf2 34. Rd3 Qf4 35. Rf3 Qxh4+ 36. Bh3 Bd4 37. Qd3 Qe1+ 38. Kg2 Qg1# 0-1

[Event "Titled Tuesday intern op 19th Jan"]
[Site "Chess.com INT"]
[Date "2021.01.19"]
[Round "4"]
[White "Hansen, Eric"]
[Black "Ibrahimli, Murad Sultanali"]
[Result "1-0"]
[WhiteElo "2606"]
[BlackElo "2436"]
[PlyCount "111"]
[GameId "1608592122585088"]
[EventDate "2021.01.19"]
[EventType "swiss (blitz)"]
[EventRounds "11"]
[EventCountry "USA"]
[SourceTitle "CBM 200 Extra"]
[Source "ChessBase"]
[SourceDate "2021.03.31"]
[SourceVersion "1"]
[SourceVersionDate "2021.03.31"]
[SourceQuality "1"]

1. e4 c5 2. Nf3 d6 3. Bb5+ Bd7 4. Bxd7+ Qxd7 5. c4 Nc6 6. d4 cxd4 7. Nxd4 g6 8. Be3 Bg7 9. Nc3 Nf6 10. f3 O-O 11. Nde2 Rfd8 12. O-O Rac8 13. Kh1 e6 14. Bg5 h6 15. Bh4 g5 16. Bf2 d5 17. exd5 exd5 18. c5 d4 19. Nb5 d3 20. Nec3 Ne8 21. Ne4 Bf8 22. Nbd6 Bxd6 23. cxd6 Qf5 24. Bg3 Qd5 25. Rc1 f5 26. Nc3 Qf7 27. Qxd3 f4 28. Bf2 Rxd6 29. Qb5 a6 30. Qa4 Nf6 31. Rce1 Re8 32. Rxe8+ Qxe8 33. Re1 Qf7 34. Bc5 Re6 35. Rd1 Kh7 36. Qb3 b5 37. Qc2+ Qg6 38. Qd2 Qf5 39. b4 h5 40. Ne2 h4 41. Ng1 Kg6 42. Nh3 Ne5 43. Qd8 Nxf3 44. Be7 Re1+ 45. Rxe1 Nxe1 46. Bxf6 Qxf6 47. Qe8+ Qf7 48. Qxe1 Qxa2 49. Nf2 Qc4 50. h3 Kf5 51. Ng4 Qd4 52. Nh6+ Kg6 53. Ng4 Kf5 54. Qe7 Qe4 55. Nh6+ Kg6 56. Qxe4+ 1-0

[Event "Titled Tuesday intern op 19th Jan"]
[Site "Chess.com INT"]
[Date "2021.01.19"]
[Round "6"]
[White "Hansen, Eric"]
[Black "Jakubowski, Krzysztof"]
[Result "1-0"]
[WhiteElo "2606"]
[BlackElo "2497"]
[PlyCount "61"]
[GameId "1608592124207104"]
[EventDate "2021.01.19"]
[EventType "swiss (blitz)"]
[EventRounds "11"]
[EventCountry "USA"]
[SourceTitle "CBM 200 Extra"]
[Source "ChessBase"]
[SourceDate "2021.03.31"]
[SourceVersion "1"]
[SourceVersionDate "2021.03.31"]
[SourceQuality "1"]

1. e4 c5 2. Nf3 e6 3. d4 cxd4 4. Nxd4 Nc6 5. Nc3 Qc7 6. Be3 a6 7. Qf3 Ne5 8. Qg3 h5 9. f4 Ng4 10. Bg1 b5 11. O-O-O Bb7 12. h3 N4f6 13. e5 h4 14. Qe1 b4 15. exf6 bxc3 16. fxg7 Bxg7 17. f5 cxb2+ 18. Kb1 Ne7 19. fxe6 dxe6 20. Bh2 Qb6 21. Be5 Rg8 22. Bxg7 Rxg7 23. Qxh4 Rd8 24. Bc4 Bd5 25. Bb3 Rxg2 26. Rhf1 Bxb3 27. axb3 Rg8 28. Qh5 Rf8 29. Nf3 Rxd1+ 30. Rxd1 Nd5 31. Qe5 1-0

[Event "Titled Tuesday intern op 19th Jan"]
[Site "Chess.com INT"]
[Date "2021.01.19"]
[Round "8"]
[White "Hansen, Eric"]
[Black "Mammadov, Zaur Fazahir Oglu"]
[Result "1-0"]
[WhiteElo "2606"]
[BlackElo "2417"]
[PlyCount "81"]
[GameId "1608592126025728"]
[EventDate "2021.01.19"]
[EventType "swiss (blitz)"]
[EventRounds "11"]
[EventCountry "USA"]
[SourceTitle "CBM 200 Extra"]
[Source "ChessBase"]
[SourceDate "2021.03.31"]
[SourceVersion "1"]
[SourceVersionDate "2021.03.31"]
[SourceQuality "1"]

1. e4 e6 2. d4 d5 3. Nc3 Nf6 4. Bg5 Be7 5. e5 Nfd7 6. Bxe7 Qxe7 7. f4 a6 8. Nf3 c5 9. dxc5 Nc6 10. Qd2 Nxc5 11. Qe3 O-O 12. O-O-O b5 13. Bd3 f6 14. exf6 Rxf6 15. Rhe1 Qd6 16. g3 b4 17. Ne2 a5 18. Bb5 Bd7 19. Bxc6 Bxc6 20. Ned4 a4 21. Qe5 Qd7 22. Ng5 b3 23. cxb3 axb3 24. a3 Re8 25. Kb1 h6 26. Ngf3 Ne4 27. Rc1 Bb5 28. Rc7 Bd3+ 29. Ka1 Qa4 30. Rec1 Kh7 31. Qh5 Ra8 32. Nxe6 Rxe6 33. Qf5+ Rg6 34. Rxg7+ Kxg7 35. Rc7+ Kh8 36. Qxg6 Qxa3+ 37. bxa3 Rxa3+ 38. Kb2 Ra2+ 39. Kxb3 Nd2+ 40. Nxd2 Bxg6 41. Kxa2 1-0

[Event "Titled Tuesday intern op 19th Jan"]
[Site "Chess.com INT"]
[Date "2021.01.19"]
[Round "10"]
[White "Mekhitarian, Krikor Sevag"]
[Black "Hansen, Eric"]
[Result "1/2-1/2"]
[WhiteElo "2554"]
[BlackElo "2606"]
[PlyCount "179"]
[GameId "1608592127946752"]
[EventDate "2021.01.19"]
[EventType "swiss (blitz)"]
[EventRounds "11"]
[EventCountry "USA"]
[SourceTitle "CBM 200 Extra"]
[Source "ChessBase"]
[SourceDate "2021.03.31"]
[SourceVersion "1"]
[SourceVersionDate "2021.03.31"]
[SourceQuality "1"]

1. Nf3 d5 2. c4 d4 3. b4 g6 4. g3 Bg7 5. d3 Nh6 6. Bg2 Nf5 7. a4 O-O 8. O-O e5 9. Nbd2 h6 10. Ba3 Re8 11. b5 Nd7 12. Rb1 Nf6 13. a5 a6 14. b6 c6 15. h3 g5 16. Nh2 Be6 17. Qc1 Qc8 18. Ng4 Nd7 19. Ne4 Qd8 20. Qd2 f6 21. Nh2 h5 22. g4 Nh4 23. Nd6 Rb8 24. Nxe8 Qxe8 25. Bd6 Rc8 26. e3 hxg4 27. hxg4 Nxg2 28. Kxg2 dxe3 29. Qxe3 c5 30. f3 Rc6 31. Bc7 Nf8 32. Rh1 Ng6 33. Nf1 Qd7 34. Rd1 Bxc4 35. Ng3 Bb3 36. Rd2 Bf8 37. Nf5 Be6 38. Ng3 Nf4+ 39. Kf2 Qd4 40. Ne4 Kg7 41. Qxd4 cxd4 42. Ng3 Bb4 43. Rhd1 Bxd2 44. Rxd2 Kg6 45. Ne4 Bb3 46. Nd6 Bc2 47. Nxb7 Nxd3+ 48. Kg3 e4 49. fxe4 Nf4 50. Bxf4 Rc3+ 51. Kf2 gxf4 52. Nd8 Bxe4 53. Ne6 d3 54. Nxf4+ Kg5 55. Ke3 Bh7 56. Ne6+ Kxg4 57. Nd4 Rc4 58. Rb2 d2 59. Rxd2 Rb4 60. Rg2+ Kh3 61. Rf2 Bb1 62. Rxf6 Kg4 63. Rg6+ Bxg6 64. Nc6 Rb5 65. Nd4 Rb4 66. Nc6 Rb3+ 67. Kd4 Be8 68. Ne5+ Kf5 69. Nc4 Ke6 70. Nd2 Rb4+ 71. Kc3 Rb5 72. Nb3 Kd5 73. Kc2 Bg6+ 74. Kc3 Bf7 75. Kc2 Kd6 76. Nd4 Rxa5 77. Kc3 Ra3+ 78. Kb4 Rg3 79. Nf5+ Kc6 80. Nxg3 Kxb6 81. Ka3 a5 82. Ne2 Kb5 83. Nc3+ Ka6 84. Ne4 Kb5 85. Nd6+ Kc5 86. Nxf7 Kb5 87. Ng5 a4 88. Ne4 Kc4 89. Nc3 Kd4 90. Kxa4 1/2-1/2

[Event "Titled Tuesday intern op 19th Jan"]
[Site "Chess.com INT"]
[Date "2021.01.19"]
[Round "11"]
[White "Hansen, Eric"]
[Black "Sapunov, Evgeny"]
[Result "1/2-1/2"]
[WhiteElo "2606"]
[BlackElo "2461"]
[PlyCount "115"]
[GameId "1608592128532480"]
[EventDate "2021.01.19"]
[EventType "swiss (blitz)"]
[EventRounds "11"]
[EventCountry "USA"]
[SourceTitle "CBM 200 Extra"]
[Source "ChessBase"]
[SourceDate "2021.03.31"]
[SourceVersion "1"]
[SourceVersionDate "2021.03.31"]
[SourceQuality "1"]

1. e4 c5 2. Nf3 d6 3. Bb5+ Nd7 4. c3 Ngf6 5. Qe2 a6 6. Ba4 e6 7. O-O Be7 8. d4 b5 9. Bc2 Bb7 10. Rd1 O-O 11. Nbd2 cxd4 12. cxd4 Re8 13. Nf1 Nf8 14. Ng3 Ng6 15. h3 Bc6 16. Be3 Qc7 17. Bd3 Qb7 18. Bd2 a5 19. Rac1 d5 20. e5 Ne4 21. Rxc6 Nxg3 22. fxg3 Qxc6 23. Bxb5 Qb6 24. Bxe8 Rxe8 25. Be3 Rb8 26. Rd2 h6 27. Rc2 Bf8 28. g4 Ne7 29. Qd3 Nc6 30. a3 a4 31. g5 h5 32. g6 f6 33. Qe2 Be7 34. Bf2 fxe5 35. Rxc6 Qxc6 36. Nxe5 Qc1+ 37. Kh2 Qg5 38. Qa6 Qf5 39. Qa7 Bd6 40. Bg3 Rxb2 41. Qf7+ Qxf7 42. gxf7+ Kf8 43. Nd7+ Kxf7 44. Bxd6 Rd2 45. Bc5 g5 46. Nb6 Kf6 47. Nxa4 Kf5 48. Nb6 h4 49. Nd7 Rc2 50. a4 Ra2 51. Nb6 g4 52. hxg4+ Kxg4 53. Kg1 Ra1+ 54. Kf2 Ra2+ 55. Kf1 Ra1+ 56. Kf2 Ra2+ 57. Kf1 Ra1+ 58. Kf2 1/2-1/2

[Event "Titled Tuesday intern op 26th Jan"]
[Site "Chess.com INT"]
[Date "2021.01.26"]
[Round "2"]
[White "Kalashian, David"]
[Black "Hansen, Eric"]
[Result "0-1"]
[WhiteElo "2398"]
[BlackElo "2606"]
[PlyCount "94"]
[GameId "1611127018582016"]
[EventDate "2021.01.26"]
[EventType "swiss (blitz)"]
[EventRounds "11"]
[EventCountry "USA"]
[SourceTitle "CBM 200 Extra"]
[Source "ChessBase"]
[SourceDate "2021.03.31"]
[SourceVersion "1"]
[SourceVersionDate "2021.03.31"]
[SourceQuality "1"]

1. d4 Nf6 2. c4 g6 3. Nc3 d5 4. Bf4 Bg7 5. e3 O-O 6. Rc1 Be6 7. Nf3 dxc4 8. Be2 c6 9. O-O h6 10. a4 Nbd7 11. e4 Qa5 12. h3 Rfd8 13. Qc2 Rac8 14. Rfd1 Nb6 15. Ne5 Nfd7 16. Nf3 Qb4 17. Bd2 Qb3 18. a5 Qxc2 19. Rxc2 Na8 20. Bf4 g5 21. Be3 Nc7 22. g4 Nf6 23. Ne5 Nb5 24. f3 Nd7 25. Nxd7 Nxc3 26. Rxc3 Rxd7 27. Bxc4 Rcd8 28. Bxe6 fxe6 29. Rcd3 c5 30. d5 c4 31. R3d2 exd5 32. exd5 c3 33. bxc3 Bxc3 34. Rd3 Bxa5 35. Kg2 e6 36. f4 gxf4 37. Bxf4 Rxd5 38. Rxd5 Rxd5 39. Rxd5 exd5 40. Bxh6 Bd8 41. Kf3 a5 42. Bc1 a4 43. Ke2 Be7 44. Kd3 b5 45. Kd4 a3 46. Kxd5 a2 47. Bb2 Kf7 0-1

[Event "Titled Tuesday intern op 26th Jan"]
[Site "Chess.com INT"]
[Date "2021.01.26"]
[Round "3"]
[White "Hansen, Eric"]
[Black "Sai, Krishna GV"]
[Result "1-0"]
[WhiteElo "2606"]
[BlackElo "2405"]
[PlyCount "67"]
[GameId "1611127019184128"]
[EventDate "2021.01.26"]
[EventType "swiss (blitz)"]
[EventRounds "11"]
[EventCountry "USA"]
[SourceTitle "CBM 200 Extra"]
[Source "ChessBase"]
[SourceDate "2021.03.31"]
[SourceVersion "1"]
[SourceVersionDate "2021.03.31"]
[SourceQuality "1"]

1. e4 e5 2. Nf3 Nc6 3. Bb5 a6 4. Ba4 d6 5. d4 b5 6. Bb3 Nxd4 7. Nxd4 exd4 8. c3 d3 9. Qxd3 Nf6 10. a4 Bd7 11. O-O Be7 12. Re1 O-O 13. Bf4 c5 14. Bc2 Bc6 15. Nd2 Re8 16. Rad1 g6 17. axb5 axb5 18. Nf3 Ra2 19. e5 Nh5 20. Bc1 d5 21. e6 f6 22. Nh4 c4 23. Qf3 Ng7 24. Nxg6 hxg6 25. Bxg6 f5 26. Qh3 Bh4 27. Bf7+ Kf8 28. Rd4 Bf6 29. Qh6 Bxd4 30. cxd4 Rxe6 31. Bxe6 Ra1 32. Qh8+ Ke7 33. Bg5+ Kd6 34. Qxd8+ 1-0

[Event "Titled Tuesday intern op 26th Jan"]
[Site "Chess.com INT"]
[Date "2021.01.26"]
[Round "8"]
[White "Praggnanandhaa, Rameshbabu"]
[Black "Hansen, Eric"]
[Result "0-1"]
[WhiteElo "2608"]
[BlackElo "2606"]
[PlyCount "100"]
[GameId "1611127024525312"]
[EventDate "2021.01.26"]
[EventType "swiss (blitz)"]
[EventRounds "11"]
[EventCountry "USA"]
[SourceTitle "CBM 200 Extra"]
[Source "ChessBase"]
[SourceDate "2021.03.31"]
[SourceVersion "1"]
[SourceVersionDate "2021.03.31"]
[SourceQuality "1"]

1. Nf3 d5 2. g3 Nf6 3. Bg2 g6 4. b3 Bg7 5. Bb2 O-O 6. c4 c6 7. O-O Bg4 8. d3 Bxf3 9. Bxf3 e6 10. Nd2 Qe7 11. Bg2 Ne8 12. d4 Nd7 13. e3 a5 14. a4 Ndf6 15. Ba3 Nd6 16. b4 axb4 17. Bxb4 Rfc8 18. Qb3 Qd7 19. Rfc1 Nf5 20. Rab1 Qd8 21. Bc3 Ra7 22. a5 Rca8 23. Qd1 h5 24. Rb2 h4 25. Rcb1 hxg3 26. hxg3 Nd6 27. Qe2 Nfe8 28. Bf3 Nc7 29. Kg2 Bf6 30. Rb3 Rxa5 31. Bxa5 Rxa5 32. c5 Ndb5 33. Rh1 Ra2 34. Qd3 e5 35. dxe5 Bxe5 36. Rb4 Ne6 37. Nb3 Qf6 38. Nc1 Ra3 39. Rb3 Nxc5 40. Rxa3 Nxd3 41. Ra8+ Kg7 42. Nxd3 Bd6 43. Rah8 Qc3 44. g4 Kf6 45. Rd1 Nc7 46. Rd8 Ke7 47. Rb8 Qb3 48. Nc1 Qb6 49. Ne2 Ne6 50. Nc3 Bxb8 0-1

[Event "Titled Tuesday intern op 26th Jan"]
[Site "Chess.com INT"]
[Date "2021.01.26"]
[Round "9"]
[White "Hansen, Eric"]
[Black "Perez Ponsa, Federico"]
[Result "0-1"]
[WhiteElo "2606"]
[BlackElo "2554"]
[PlyCount "124"]
[GameId "1611127025504256"]
[EventDate "2021.01.26"]
[EventType "swiss (blitz)"]
[EventRounds "11"]
[EventCountry "USA"]
[SourceTitle "CBM 200 Extra"]
[Source "ChessBase"]
[SourceDate "2021.03.31"]
[SourceVersion "1"]
[SourceVersionDate "2021.03.31"]
[SourceQuality "1"]

1. e4 c6 2. Nf3 d5 3. d3 Qc7 4. Nc3 dxe4 5. dxe4 e5 6. Bc4 f6 7. O-O b5 8. Bb3 Nd7 9. Be3 Nc5 10. Bxc5 Bxc5 11. a4 b4 12. Ne2 Ba6 13. Ng3 Rd8 14. Qc1 Bxf1 15. Qxf1 Nh6 16. Qc4 Qe7 17. Nh5 g6 18. Nxf6+ Qxf6 19. Qxc5 Qd6 20. Qxd6 Rxd6 21. Nxe5 Ke7 22. Kf1 Rhd8 23. Ke1 Kf6 24. Nc4 Rd4 25. f3 Nf7 26. Rc1 Ne5 27. Ne3 g5 28. a5 h5 29. h3 Ng6 30. a6 Nf4 31. Ra1 Kg6 32. g3 Nxh3 33. Ra5 h4 34. Be6 Ng1 35. Kf2 Rd2+ 36. Kxg1 Re2 37. Bf5+ Kg7 38. Nf1 Rd1 39. Bh3 hxg3 40. Rxg5+ Kf6 41. Rxg3 Rxc2 42. f4 Rxb2 43. e5+ Ke7 44. f5 Re1 45. f6+ Kf8 46. e6 Rbe2 47. Rf3 c5 48. Bg4 c4 49. Bh5 Rxe6 50. Rf4 R6e4 51. Rf3 Re5 52. Rh3 Rg5+ 53. Kf2 Ree5 54. Ng3 b3 55. Kf3 b2 56. Rh1 c3 57. Kf4 c2 58. Bg6 Rxg6 59. Rh8+ Kf7 60. Rh7+ Kxf6 61. Nh5+ Rxh5 62. Rxh5 c1=Q+ 0-1

[Event "Titled Tuesday intern op 02nd Feb"]
[Site "Chess.com INT"]
[Date "2021.02.02"]
[Round "8"]
[White "Hansen, Eric"]
[Black "Golubka, Petr"]
[Result "1-0"]
[WhiteElo "2606"]
[BlackElo "2471"]
[PlyCount "91"]
[GameId "1613714573430784"]
[EventDate "2021.02.02"]
[EventType "swiss (blitz)"]
[EventRounds "11"]
[EventCountry "USA"]
[SourceTitle "CBM 200 Extra"]
[Source "ChessBase"]
[SourceDate "2021.03.31"]
[SourceVersion "1"]
[SourceVersionDate "2021.03.31"]
[SourceQuality "1"]

1. e4 b6 2. Nc3 Bb7 3. d4 g6 4. Nf3 Bg7 5. Bd3 d6 6. O-O e6 7. h3 Nd7 8. Re1 Ne7 9. a4 a6 10. Ne2 h6 11. Ng3 O-O 12. c3 c5 13. Be3 e5 14. d5 Nf6 15. Qd2 Kh7 16. b4 Qc7 17. a5 b5 18. bxc5 dxc5 19. c4 b4 20. Ne2 Nd7 21. Nc1 Nc8 22. Nb3 Nd6 23. Qc2 Rac8 24. Nfd2 Qd8 25. f3 Rc7 26. Nf1 Qe7 27. Bf2 h5 28. Ne3 Bh6 29. Nd1 h4 30. Nb2 Bf4 31. Na4 Rfc8 32. Nb6 Bg3 33. Qd2 Bxf2+ 34. Qxf2 g5 35. Nxd7 Qxd7 36. f4 f6 37. fxe5 fxe5 38. Qf6 Qe7 39. Rf1 Re8 40. Qxe7+ Rexe7 41. Rf6 Ne8 42. Rb6 Rf7 43. Be2 Bc8 44. Bh5 Rf8 45. Bxe8 Rxe8 46. d6 1-0

[Event "Titled Tuesday intern op 23rd Feb"]
[Site "Chess.com INT"]
[Date "2021.02.23"]
[Round "1"]
[White "Plotnikov, Pavel"]
[Black "Hansen, Eric"]
[Result "0-1"]
[WhiteElo "2297"]
[BlackElo "2606"]
[PlyCount "60"]
[GameId "1621287628587008"]
[EventDate "2021.02.23"]
[EventType "swiss (blitz)"]
[EventRounds "11"]
[EventCountry "USA"]
[SourceTitle "CBM 200 Extra"]
[Source "ChessBase"]
[SourceDate "2021.03.31"]
[SourceVersion "1"]
[SourceVersionDate "2021.03.31"]
[SourceQuality "1"]

1. e4 c5 2. c3 Nf6 3. e5 Nd5 4. d4 cxd4 5. Qxd4 e6 6. Bd3 Nc6 7. Qe4 f5 8. Qe2 Qc7 9. Nf3 Ncb4 10. Bxf5 exf5 11. O-O Nc6 12. c4 Nde7 13. Nc3 Ng6 14. Nd5 Qd8 15. a3 Be7 16. g3 O-O 17. h4 d6 18. e6 Nge5 19. Bg5 Nxf3+ 20. Qxf3 Bxg5 21. hxg5 Bxe6 22. Rad1 Ne5 23. Qe2 Bxd5 24. Rxd5 Qxg5 25. Rxd6 f4 26. Rd5 Rae8 27. Re1 fxg3 28. f4 Qxf4 29. Rxe5 Rxe5 30. Qxe5 Qf2+ 0-1

[Event "Titled Tuesday intern op 23rd Feb"]
[Site "Chess.com INT"]
[Date "2021.02.23"]
[Round "3"]
[White "Mirzoev, Azer"]
[Black "Hansen, Eric"]
[Result "0-1"]
[WhiteElo "2430"]
[BlackElo "2606"]
[PlyCount "90"]
[GameId "1621287631253504"]
[EventDate "2021.02.23"]
[EventType "swiss (blitz)"]
[EventRounds "11"]
[EventCountry "USA"]
[SourceTitle "CBM 200 Extra"]
[Source "ChessBase"]
[SourceDate "2021.03.31"]
[SourceVersion "1"]
[SourceVersionDate "2021.03.31"]
[SourceQuality "1"]

1. d4 Nf6 2. Nf3 g6 3. c4 Bg7 4. Nc3 d5 5. Qa4+ Bd7 6. Qb3 dxc4 7. Qxc4 O-O 8. Bf4 c6 9. e3 Be6 10. Qa4 a5 11. Be2 Na6 12. O-O h6 13. h3 Nb4 14. Bh2 b5 15. Qd1 Qb6 16. a3 Nbd5 17. Nxd5 Bxd5 18. Rc1 Rfc8 19. Be5 Bf8 20. Nd2 Nd7 21. Bg3 c5 22. dxc5 Nxc5 23. Be5 Qb7 24. Nf3 Nb3 25. Rxc8 Rxc8 26. Qd3 Bc4 27. Qd1 Bd5 28. Re1 f6 29. Bc3 b4 30. axb4 axb4 31. Bd2 e5 32. Nh4 Bf7 33. Nxg6 Rd8 34. Nxf8 Rxd2 35. Qb1 Kxf8 36. Qh7 Qd5 37. Bf3 Qd6 38. Qxh6+ Ke7 39. Qh8 Rxb2 40. Qa8 Nd2 41. Bg4 b3 42. Rd1 Rc2 43. Qb7+ Kf8 44. Bf5 Ra2 45. Qc8+ Kg7 0-1

[Event "Titled Tuesday intern op 23rd Feb"]
[Site "Chess.com INT"]
[Date "2021.02.23"]
[Round "5"]
[White "Vallejo Diaz, Javier"]
[Black "Hansen, Eric"]
[Result "1-0"]
[WhiteElo "2365"]
[BlackElo "2606"]
[PlyCount "83"]
[GameId "1621287633162240"]
[EventDate "2021.02.23"]
[EventType "swiss (blitz)"]
[EventRounds "11"]
[EventCountry "USA"]
[SourceTitle "CBM 200 Extra"]
[Source "ChessBase"]
[SourceDate "2021.03.31"]
[SourceVersion "1"]
[SourceVersionDate "2021.03.31"]
[SourceQuality "1"]

1. e4 c5 2. Nf3 e6 3. b3 d6 4. Bb2 e5 5. Bb5+ Bd7 6. Bxd7+ Qxd7 7. c3 Nf6 8. d3 Be7 9. O-O O-O 10. Nbd2 Nc6 11. d4 exd4 12. cxd4 cxd4 13. Nxd4 d5 14. Nxc6 Qxc6 15. Rc1 Qa6 16. e5 Nd7 17. Rc7 Qe6 18. Nf3 Rfd8 19. Re1 Bc5 20. Qc2 Bb6 21. Ng5 Qg6 22. Qxg6 hxg6 23. Rxb7 Rac8 24. e6 fxe6 25. Nxe6 Re8 26. Rxd7 Rxe6 27. Rxe6 Rc2 28. h4 Rxb2 29. Rxg6 Bxf2+ 30. Kh2 Bd4 31. Rxd5 Bc3 32. Rc5 Bd4 33. Rd5 Bc3 34. Rd7 Be5+ 35. Kh3 Rxa2 36. h5 Kh7 37. Re6 Bb2 38. h6 Ra1 39. hxg7 Rh1+ 40. Kg4 Rg1 41. g8=Q+ Kxg8 42. Re8# 1-0

[Event "Titled Tuesday intern op 23rd Feb"]
[Site "Chess.com INT"]
[Date "2021.02.23"]
[Round "6"]
[White "Hansen, Eric"]
[Black "Perez, Maximiliano"]
[Result "0-1"]
[WhiteElo "2606"]
[BlackElo "2417"]
[PlyCount "140"]
[GameId "1621287634403328"]
[EventDate "2021.02.23"]
[EventType "swiss (blitz)"]
[EventRounds "11"]
[EventCountry "USA"]
[SourceTitle "CBM 200 Extra"]
[Source "ChessBase"]
[SourceDate "2021.03.31"]
[SourceVersion "1"]
[SourceVersionDate "2021.03.31"]
[SourceQuality "1"]

1. e4 c5 2. Nf3 d6 3. Bb5+ Nd7 4. O-O a6 5. Bxd7+ Bxd7 6. d4 cxd4 7. Qxd4 e5 8. Qd3 Rc8 9. a4 b5 10. Nc3 Qb6 11. Be3 Qb8 12. axb5 axb5 13. Nd5 Nf6 14. Nb6 Rd8 15. Ra8 Qc7 16. Rfa1 Be7 17. Nxd7 Qxd7 18. R8a7 Qc6 19. R1a6 Qxe4 20. Qxb5+ Kf8 21. Rc7 Qd5 22. Qe2 Ne8 23. c4 Qe4 24. Nd2 Qc2 25. Rb7 Nf6 26. Raa7 Ng8 27. g3 g6 28. Qf3 h5 29. h4 Qf5 30. Qd5 Qe6 31. Qa5 Kg7 32. Rc7 Bf6 33. Ne4 Rf8 34. Ng5 Bxg5 35. hxg5 h4 36. g4 Qxg4+ 37. Kf1 h3 38. Rxf7+ Rxf7 39. Rxf7+ Kxf7 40. Qd5+ Qe6 41. Qf3+ Qf5 42. Qd5+ Qe6 43. Qf3+ Ke7 44. Qb7+ Qd7 45. Qh1 h2 46. c5 dxc5 47. Bxc5+ Kf7 48. Qf3+ Kg7 49. Bf8+ Kh7 50. Qg2 Nh6 51. Ke2 Qb5+ 52. Ke1 Qa5+ 53. Ke2 Qa6+ 54. Ke1 Qa1+ 55. Ke2 Qa6+ 56. Ke1 Rxf8 57. Qxh2 Qa5+ 58. Kf1 Qb5+ 59. Kg1 Kg8 60. Qxh6 Qb6 61. Qh4 Qc5 62. Qg3 e4 63. Qg2 Rf7 64. Qxe4 Qxg5+ 65. Kf1 Qf5 66. Qe3 g5 67. b4 Qf4 68. Qe8+ Kg7 69. Qe2 g4 70. Kg1 g3 0-1

[Event "Titled Tuesday intern op 23rd Feb"]
[Site "Chess.com INT"]
[Date "2021.02.23"]
[Round "7"]
[White "Padmini, Rout"]
[Black "Hansen, Eric"]
[Result "0-1"]
[WhiteElo "2370"]
[BlackElo "2606"]
[PlyCount "88"]
[GameId "1621287634944000"]
[EventDate "2021.02.23"]
[EventType "swiss (blitz)"]
[EventRounds "11"]
[EventCountry "USA"]
[SourceTitle "CBM 200 Extra"]
[Source "ChessBase"]
[SourceDate "2021.03.31"]
[SourceVersion "1"]
[SourceVersionDate "2021.03.31"]
[SourceQuality "1"]

1. e4 c5 2. Nf3 e6 3. d4 cxd4 4. Nxd4 a6 5. c4 Qc7 6. Nc3 d6 7. Be2 Nf6 8. O-O b6 9. Be3 Bb7 10. f3 Nbd7 11. Rc1 Rb8 12. Kh1 Be7 13. b4 h5 14. a4 h4 15. Nd5 Qd8 16. Nxe7 Qxe7 17. Bg5 Rc8 18. Qd2 Rh5 19. Qe3 Ng4 20. Bxe7 Nxe3 21. Bxd6 Nxf1 22. Bxf1 h3 23. g4 Rh6 24. Kg1 g5 25. e5 f6 26. Nxe6 Kf7 27. Nc7 Nxe5 28. c5 bxc5 29. bxc5 Nxf3+ 30. Kf2 Ne5 31. Kg3 Rh4 32. Be2 Rch8 33. Bxe5 fxe5 34. c6 Bc8 35. Nxa6 R4h6 36. Nb4 Rd6 37. c7 Rd2 38. Bc4+ Ke7 39. Nd5+ Kd6 40. Nf6 Rd4 41. Bb5 Rf8 42. Rf1 Ke7 43. Nh5 Rxg4+ 44. Kxh3 Rg1+ 0-1